01791cam a2200277 a 450000100090000000300040000900500170001300800410003001000170007102000150008802000180010304000180012105000220013908200210016110000220018224500880020425000120029226000590030430000950036350001240045850400530058253808050063565000290144070000200146970000240148911962287OSt20200128102451.0000403s2001 ohua b 001 0 eng  a 00038745  a0324009771 a9789812402349 aDLCcDLCdDLC00aHD58.7b.H44 200100a658.3221bHEL/O aHellriegel, Don 10aOrganizational behavior /cDon Hellriegel, John W. Slocum, Jr., Richard W. Woodman. a9th ed. aCincinnati, Ohio :bSouth-Western College Pub.,c2001. a1 v. (various paging) :bill. (some col.) ;c29 cm. +e1 computer optical disc (4 3/4 in.) aStudent CD-ROM included, provides a self-assessment tool for students to use and to reuse as their competencies mature. aIncludes bibliographical references and indexes. aSystem requirements for accompanying computer disc: Windows 95; 12MB available hard disk space, 16MB RAM, 256-color monitor, Internet browser (Netscape Navigator 4.08 or higher; Internet Explorer 4.0), mouse, 486 MHz, 2x CD-ROM drive (4x recommended), 640 x 480 pixel resolution. Windows 98; 12MB available hard disk space, 16MB RAM, 256-color monitor, Internet browser (Netscape Navigator 4.72 or higher; Internet Explorer 5.01), mouse, 486 MHz, 2x CD-ROM drive (4x recommended), 640 x 480 pixel resolution. Macintosh; 12MB available hard disk space, OS 7.0 or higher, 256-color monitor, mouse, Internet browser (Internet Explorer 4.5; Netscape Navigator 4.08, Netscape Communicator 4.72), Macintosh 68040 or PowerPC platform, 16MB RAM, 640 x 480 pixel resoultion, 2x CD-ROM drive (4x recommended). 0aOrganizational behavior.1 aSlocum, John W.1 aWoodman, Richard W.